Partial differential equations III : the Cauchy problem, qualitative theory of partial differential equations

Αποθηκεύτηκε σε:
Λεπτομέρειες βιβλιογραφικής εγγραφής
Άλλοι συγγραφείς: Egorov, IU. V. (IUrii Vladimirovich) (Επιμελητής έκδοσης), Shubin, M. A. (Mikhail Aleksandrovich), 1944- (Επιμελητής έκδοσης)
Μορφή: Βιβλίο
Γλώσσα:English
Δημοσίευση: Berlin : Springer-Verlag, c1991
Σειρά:Encyclopaedia of mathematical sciences ; ; 32
Θέματα:
Ετικέτες: Προσθήκη ετικέτας
Δεν υπάρχουν, Καταχωρήστε ετικέτα πρώτοι!

MARC

LEADER 00000cam a2200000 i 4500
001 1/27875
008 960507s1991 eng d
020 |a 3-540-52003-1 
035 |a 1995  |l 10037933 
040 |a GR-MY-UA  |b gre  |e aacr 
041 0 |a eng 
082 0 |a 515.353 
245 1 0 |a Partial differential equations III :  |b the Cauchy problem, qualitative theory of partial differential equations /  |c Yu.V. Egorov, M.A Shubin (Eds.) 
260 |a Berlin :   |b Springer-Verlag,   |c c1991 
300 |a 197 p.;  |c 24 cm. 
490 1 |a Encyclopaedia of mathematical sciences  |v ; 32 
500 |a includes bibliographical references and index 
650 0 0 |a Differential equations, Partial. 
700 1 |a Egorov, IU. V.   |q (IUrii Vladimirovich)  |e edt 
700 1 |a Shubin, M. A.   |q (Mikhail Aleksandrovich),   |d 1944-  |e edt 
830 0 |a Encyclopaedia of mathematical sciences ;  |v ; 32 
852 |a INST  |b SAMOS  |e 19960507  |h 515.353 PAR  |p 005300005248  |q 005300005248  |t BK  |y 0 
909 |a Σ  |b 039342